000 00472nam a2200181Ia 4500
008 240925s9999 xx 000 0 und d
020 _a9780195472295
082 _a954.9 KAZ
100 _aKazimi, M. R.
245 0 _aPakistan Studies
250 _aNA
260 _aKarachi:
_bOxford University Press
_c,2007.
300 _a236p.
_b0
_fOriginal
500 _aIncludes Index
600 _aHumanities & Natural Science
650 _aHistory and Geography
942 _cBK
999 _c16706
_d16706